00333nam a2200121 a 4500008004100000020001800041050002300059100001800082245003500100260004500135300001000180650002100190131001s2012 ||||||||||||||||| || u a9780755375554 aPR 6053 .O 413 F35 aCole, Martina14aThe Faithlesscby Martina Cole aLondon:bHeadline Publishing Groupc2012 a522p. aENGLISH LANGUAGE